| 000 | 00565nam a2200229 a 4500 | ||
|---|---|---|---|
| 001 | 13747 | ||
| 003 | BD-JhCC | ||
| 005 | 20240321084617.0 | ||
| 008 | 240319b2024 bg |||| ||a| 001 0 eng d | ||
| 020 | _a9789849758303 | ||
| 035 | _a(BD-JhCC)13747 | ||
| 040 |
_aBD-JhCC _dBD-JhCC |
||
| 041 | _aEnglish | ||
| 082 |
_a891.4415 _bSAL 2024 |
||
| 100 | _a Saleh, Mahbub Hassan | ||
| 245 |
_aSelected Poems / _cMahbub Hassan Saleh . |
||
| 260 |
_aDhaka: _bAnyaprokash; _c 2024. |
||
| 300 |
_a77 p. : _c22 cm. |
||
| 650 | _aPoem | ||
| 942 |
_2ddc _cBK |
||
| 999 |
_c13747 _d13747 |
||